[Event "XXXI Festival A"]
[Site "Arco ITA"]
[Date "2009.10.17"]
[Round "1"]
[White "Kierzek, Mira"]
[Black "Pisani, Valerio"]
[Result "1-0"]
[WhiteElo "2043"]
[BlackElo "1789"]
[PlyCount "94"]
[EventDate "2009.10.17"]

1. d4 Nf6 2. Nf3 g6 3. g3 d5 4. Bg2 Bg7 5. O-O b6 6. Ne5 Bb7 7. c4 e6 8. Bg5 h6
9. Bf4 O-O 10. Nc3 Nh5 11. Be3 Kh7 12. cxd5 exd5 13. Rc1 Bxe5 14. dxe5 c6 15.
f4 Ng7 16. Bf2 Ne6 17. b4 Qe7 18. b5 d4 19. bxc6 Bxc6 20. Nd5 Qb7 21. Nf6+ Kg7
22. Bxc6 Nxc6 23. Qc2 Nc5 24. Ne4 Rfd8 25. Nxc5 bxc5 26. Qxc5 Rac8 27. Qa3 Rd5
28. Qf3 Qd7 29. Rfd1 Rd8 30. Qb3 Rb8 31. Qc4 Rc8 32. a3 Ne7 33. Qb3 Rd8 34. Rc4
Nf5 35. Qf3 Qe6 36. Rb4 Qc6 37. Rbb1 Qa6 38. Rd3 Qc4 39. Rbd1 Qc2 40. g4 Ne7
41. Bh4 Kf8 42. Qe4 Qc8 43. h3 Qc5 44. Kg2 a5 45. Bf6 R8d7 46. e6 R7d6 47. Bxd4
Qc4 1-0

[Event "XXXI Festival A"]
[Site "Arco ITA"]
[Date "2009.10.17"]
[Round "1"]
[White "Koenig, Joel"]
[Black "De Santis, Alessio"]
[Result "0-1"]
[WhiteElo "1884"]
[BlackElo "2309"]
[PlyCount "104"]
[EventDate "2009.10.17"]

1. Nc3 b6 2. d4 Bb7 3. e4 e6 4. Nf3 d6 5. Bd3 Nd7 6. O-O g6 7. Bg5 Ne7 8. d5 e5
9. Bb5 Bg7 10. Qe2 f6 11. Bd2 a6 12. Ba4 O-O 13. b4 h6 14. Rfd1 f5 15. Bc6 Bxc6
16. dxc6 Nb8 17. Bxh6 Bxh6 18. Nxe5 Bg7 19. Qc4+ Kh7 20. Nf7 Rxf7 21. Qxf7 Qf8
22. Qxf8 Bxf8 23. exf5 gxf5 24. b5 Bg7 25. Rd3 axb5 26. Re1 Nbxc6 27. Nxb5 Rc8
28. f4 Kg6 29. a3 Bf6 30. g3 Na5 31. h4 Nb7 32. Rde3 Kf7 33. Kg2 c6 34. Nd4 Nc5
35. Nf3 Nd5 36. R3e2 Nc3 37. Re3 N5e4 38. Ng5+ Kg6 39. g4 Bxg5 40. hxg5 d5 41.
gxf5+ Kxf5 42. Rf1 Ra8 43. Rh3 Ne2 44. Rh6 Nd4 45. c3 Ne6 46. Rh4 Rxa3 47. g6
Rxc3 48. Rh5+ Kxg6 49. f5+ Kxh5 50. fxe6 Rg3+ 51. Kh2 Rg6 52. Rf5+ Ng5 0-1

[Event "XXXI Festival A"]
[Site "Arco ITA"]
[Date "2009.10.17"]
[Round "1"]
[White "Lazzaroni, Fabio"]
[Black "Trauth, Michael"]
[Result "0-1"]
[WhiteElo "1867"]
[BlackElo "2185"]
[PlyCount "54"]
[EventDate "2009.10.17"]

1. e4 c5 2. Nf3 Nc6 3. d4 cxd4 4. Nxd4 g6 5. Nc3 Bg7 6. Be3 Nf6 7. Bc4 O-O 8.
f3 Qb6 9. Qd3 Ne5 10. Bxf7+ Rxf7 11. Qb5 Qc7 12. O-O-O d6 13. g4 Nc4 14. Bf2
Bd7 15. Qb3 Bh6+ 16. Kb1 Nd2+ 17. Rxd2 Bxd2 18. Ncb5 Qc8 19. Bh4 g5 20. Bf2 a6
21. Na3 Bf4 22. h4 b5 23. hxg5 Bxg5 24. c3 Kf8 25. Bg3 Qc5 26. f4 Nxe4 27. fxg5
Nd2+ 0-1

[Event "XXXI Festival A"]
[Site "Arco ITA"]
[Date "2009.10.17"]
[Round "1"]
[White "Manca, Federico"]
[Black "Marini, Lucio"]
[Result "1-0"]
[WhiteElo "2356"]
[BlackElo "1884"]
[PlyCount "63"]
[EventDate "2009.10.17"]

1. e4 c5 2. c3 d5 3. exd5 Qxd5 4. d4 Nf6 5. Nf3 cxd4 6. cxd4 e6 7. Nc3 Bb4 8.
Bd3 Bxc3+ 9. bxc3 O-O 10. O-O Nc6 11. Re1 b6 12. Bg5 Bb7 13. Qd2 Nd7 14. Rab1
a6 15. c4 Qa5 16. d5 Qxd2 17. Bxd2 exd5 18. cxd5 Na7 19. Bf5 Rfd8 20. Bg5 f6
21. Be6+ Kh8 22. Bf4 Nf8 23. Bc7 Re8 24. Bf7 Rxe1+ 25. Rxe1 g5 26. Bxb6 Nb5 27.
Re7 Rc8 28. h4 g4 29. Bd4 Nxd4 30. Nxd4 Bxd5 31. Bxd5 Rd8 32. Ne6 1-0

[Event "XXXI Festival A"]
[Site "Arco ITA"]
[Date "2009.10.17"]
[Round "1"]
[White "Maneschi, Giuseppe"]
[Black "Caldara, Sisto"]
[Result "0-1"]
[WhiteElo "2072"]
[BlackElo "1823"]
[PlyCount "74"]
[EventDate "2009.10.17"]

1. c4 f5 2. g3 Nf6 3. Bg2 g6 4. Nc3 Bg7 5. d3 d6 6. e4 e5 7. Nge2 O-O 8. O-O a5
9. exf5 gxf5 10. d4 c6 11. h3 Na6 12. Be3 Bd7 13. Rb1 Qe8 14. a3 Qg6 15. b4
axb4 16. axb4 f4 17. gxf4 Bxh3 18. Ng3 Bxg2 19. Kxg2 exd4 20. Bxd4 Nc7 21. f5
Qf7 22. Bxf6 Bxf6 23. Nce4 Be5 24. Nxd6 Qg7 25. c5 Nd5 26. Qb3 Kh8 27. Rh1 Bxd6
28. cxd6 Rxf5 29. Qc2 Raf8 30. Rh4 Rxf2+ 31. Qxf2 Rxf2+ 32. Kxf2 Qf6+ 33. Kg2
Qxh4 34. d7 Qd8 35. b5 Qxd7 36. bxc6 Qxc6 37. Re1 Nf4+ 0-1

[Event "XXXI Festival A"]
[Site "Arco ITA"]
[Date "2009.10.17"]
[Round "1"]
[White "Matei, Bogdan Stefan"]
[Black "Battiston, Claudio"]
[Result "0-1"]
[WhiteElo "1707"]
[BlackElo "1983"]
[PlyCount "76"]
[EventDate "2009.10.17"]

1. e4 e5 2. Nf3 Nc6 3. Bb5 a6 4. Ba4 Nf6 5. O-O Nxe4 6. Re1 Nc5 7. Bxc6 dxc6 8.
Nxe5 Be7 9. d4 Ne6 10. c3 O-O 11. f4 g6 12. Qf3 Ng7 13. Nd2 Be6 14. b3 Bd5 15.
Qd3 Be6 16. Ne4 f6 17. Nf3 c5 18. Ng3 Qd7 19. Be3 Rad8 20. Bf2 Rfe8 21. Rad1
cxd4 22. Qe4 Bd5 23. Qxd4 Qc6 24. Qa4 Bxf3 25. gxf3 Qxa4 26. bxa4 Kf7 27. Rb1
b6 28. a5 b5 29. c4 c6 30. cxb5 cxb5 31. Red1 h5 32. Ne4 Ne6 33. Rbc1 Nxf4 34.
Rxd8 Rxd8 35. Re1 Nh3+ 36. Kg2 Nxf2 37. Kxf2 f5 38. Nc3 Bh4+ 0-1

[Event "XXXI Festival A"]
[Site "Arco ITA"]
[Date "2009.10.17"]
[Round "1"]
[White "Mombelli, Antonio"]
[Black "Cardili, Mariano"]
[Result "0-1"]
[WhiteElo "1829"]
[BlackElo "2106"]
[PlyCount "82"]
[EventDate "2009.10.17"]

1. e4 c6 2. d4 d5 3. exd5 cxd5 4. c4 Nf6 5. Nc3 e6 6. Nf3 Bb4 7. a3 Bxc3+ 8.
bxc3 O-O 9. Bg5 Nbd7 10. cxd5 exd5 11. Be2 Qa5 12. Qb3 Re8 13. Ra2 Ne4 14. Rc2
Nb6 15. Be3 Bd7 16. Qb4 Qa4 17. Rc1 Rac8 18. Qb2 Bg4 19. O-O Qa5 20. Qb4 Qxb4
21. cxb4 Nc3 22. Bd3 Bxf3 23. gxf3 a6 24. Rc2 Nb5 25. Bxb5 axb5 26. Rc5 Rxc5
27. bxc5 Nc4 28. Rb1 Nxa3 29. Rb3 Ra8 30. Kg2 Ra4 31. Bd2 f6 32. Bb4 Nc2 33.
Bc3 Ra3 34. Rxa3 Nxa3 35. Kg3 Kf7 36. Kg4 Nc2 37. f4 b4 38. Bb2 Ne1 39. f5 b3
40. Bc3 Nd3 41. Kf3 b2 0-1

[Event "XXXI Festival A"]
[Site "Arco ITA"]
[Date "2009.10.17"]
[Round "1"]
[White "Niccoli, Paolo"]
[Black "Barlotti, Gabriele"]
[Result "0-1"]
[WhiteElo "1947"]
[BlackElo "1664"]
[PlyCount "54"]
[EventDate "2009.10.17"]

1. e4 e6 2. d4 d5 3. Nc3 Nf6 4. Bg5 Be7 5. e5 Nfd7 6. h4 h6 7. Qh5 c5 8. Nb5
Qa5+ 9. c3 cxd4 10. b4 Qb6 11. a4 g6 12. Qg4 hxg5 13. a5 Qd8 14. cxd4 Bxb4+ 15.
Kd1 a6 16. Nd6+ Bxd6 17. exd6 Rxh4 18. Rxh4 gxh4 19. Bd3 Qf6 20. Nf3 Nc5 21.
Bc2 Nc6 22. Rb1 e5 23. Qxh4 Qxh4 24. Nxh4 Nxd4 25. Kd2 Nxc2 26. Kxc2 g5 27. Nf3
Bf5+ 0-1

[Event "XXXI Festival A"]
[Site "Arco ITA"]
[Date "2009.10.17"]
[Round "1"]
[White "Nicolodi, Raoul"]
[Black "Naumkin, Igor"]
[Result "0-1"]
[WhiteElo "1909"]
[BlackElo "2450"]
[PlyCount "70"]
[EventDate "2009.10.17"]

1. d4 e6 2. Bf4 f5 3. e3 Nf6 4. Nf3 b6 5. Bd3 Bb7 6. Nbd2 Bd6 7. Bxd6 cxd6 8.
c4 O-O 9. O-O d5 10. cxd5 Nxd5 11. a3 Nc6 12. Rc1 Nce7 13. Re1 Ng6 14. Bb1 Kh8
15. b4 d6 16. Qb3 e5 17. dxe5 dxe5 18. e4 Ndf4 19. exf5 Nxg2 20. fxg6 Nf4 21.
Be4 Nh3+ 22. Kf1 Qxd2 23. Rc2 Qd7 24. Nxe5 Qb5+ 25. Bd3 Bd5 26. Bxb5 Bxb3 27.
Rb2 Rac8 28. Re3 Rc1+ 29. Kg2 Nf4+ 30. Kg3 Rg1+ 31. Kf3 Bd5+ 32. Re4 Nxg6+ 33.
Ke3 Bxe4 34. Kxe4 Nxe5 35. Kxe5 Rg5+ 0-1

[Event "XXXI Festival A"]
[Site "Arco ITA"]
[Date "2009.10.17"]
[Round "1"]
[White "Paggiaro, Luca"]
[Black "Savarese, Vincenzo"]
[Result "1-0"]
[WhiteElo "2049"]
[BlackElo "1810"]
[PlyCount "65"]
[EventDate "2009.10.17"]

1. e4 e6 2. d4 d5 3. Nc3 a6 4. Nf3 Nf6 5. Bd3 c5 6. O-O Nc6 7. dxc5 Bxc5 8. e5
Nd7 9. Re1 f6 10. exf6 Nxf6 11. Bf5 Qd6 12. Qe2 Nd8 13. Bg5 O-O 14. Bd3 Nc6 15.
Rad1 Bd7 16. Bh4 Rae8 17. Ne5 Qxe5 18. Qxe5 Nxe5 19. Rxe5 Ng4 20. Re2 Bc6 21.
h3 Nxf2 22. Bxf2 Rxf2 23. Rxf2 Rf8 24. Rdf1 e5 25. Nd1 e4 26. Be2 Rxf2 27. Nxf2
d4 28. Bc4+ Kh8 29. Kh1 b5 30. Be2 a5 31. Ng4 b4 32. Rf7 Bd5 33. Rf5 1-0

[Event "XXXI Festival A"]
[Site "Arco ITA"]
[Date "2009.10.17"]
[Round "1"]
[White "Rampini, Carlo"]
[Black "Pienabarca, Nicola"]
[Result "1/2-1/2"]
[WhiteElo "1820"]
[BlackElo "2067"]
[PlyCount "95"]
[EventDate "2009.10.17"]

1. Nf3 Nf6 2. g3 g6 3. Bg2 Bg7 4. O-O d5 5. Re1 O-O 6. d3 c5 7. c3 Nc6 8. Qc2
h6 9. a3 e5 10. Nbd2 Re8 11. e4 Be6 12. exd5 Nxd5 13. Ne4 Qe7 14. Be3 Nxe3 15.
fxe3 Rad8 16. c4 b6 17. Nc3 Qd7 18. Rad1 Ne7 19. b4 Nc6 20. b5 Ne7 21. a4 Nf5
22. e4 Nd4 23. Nxd4 Qxd4+ 24. Kh1 h5 25. Nd5 Bxd5 26. exd5 Qg4 27. Ra1 e4 28.
Rad1 exd3 29. Qxd3 h4 30. Bf3 Qg5 31. g4 Bd4 32. h3 Qf4 33. Be4 Be5 34. Re2 Rd6
35. Rg2 Bd4 36. Re1 Qg5 37. Rf1 Rd7 38. Qf3 Rde7 39. Re2 Be5 40. Qd3 Rd8 41.
Bf3 Bd6 42. Rxe7 Qxe7 43. Qe4 Qxe4 44. Bxe4 Re8 45. Re1 Kg7 46. Re2 Kf6 47. Kg2
Kg5 48. Kf3 1/2-1/2

[Event "XXXI Festival A"]
[Site "Arco ITA"]
[Date "2009.10.17"]
[Round "1"]
[White "Ricci, Alfredo"]
[Black "Thurner, Markus"]
[Result "1-0"]
[WhiteElo "1993"]
[BlackElo "1728"]
[PlyCount "87"]
[EventDate "2009.10.17"]

1. e4 e5 2. Nc3 Nc6 3. g3 Bc5 4. Bg2 Nge7 5. Nge2 d6 6. O-O f5 7. d3 O-O 8. Na4
Bb6 9. Nxb6 axb6 10. f4 Ng6 11. Be3 Be6 12. Qd2 Qd7 13. d4 exd4 14. Nxd4 Nxd4
15. Qxd4 Ra4 16. Qd2 fxe4 17. b3 Ra7 18. Bxe4 Ne7 19. c4 Bf5 20. Bg2 Bh3 21. a4
Bxg2 22. Qxg2 Qc6 23. Rad1 Qxg2+ 24. Kxg2 Raa8 25. Rfe1 Rfe8 26. Kf3 Kf7 27. g4
Nc6 28. f5 g6 29. fxg6+ Kxg6 30. h4 Re6 31. Kg3 Rae8 32. h5+ Kg7 33. Bd2 Nd4
34. Rxe6 Rxe6 35. b4 Nc6 36. Bc3+ Kf7 37. Rf1+ Ke7 38. g5 Re3+ 39. Rf3 Re4 40.
g6 hxg6 41. h6 Ne5 42. h7 Rg4+ 43. Kh3 Nxf3 44. Kxg4 1-0

[Event "XXXI Festival A"]
[Site "Arco ITA"]
[Date "2009.10.17"]
[Round "1"]
[White "Riepma, Henk"]
[Black "Saponara, Nicola"]
[Result "1-0"]
[WhiteElo "2117"]
[BlackElo "1845"]
[PlyCount "71"]
[EventDate "2009.10.17"]

1. f4 Nf6 2. Nf3 g6 3. e3 Bg7 4. d4 d6 5. Bd3 Bg4 6. O-O Nbd7 7. h3 Bxf3 8.
Qxf3 c6 9. Nd2 Qc7 10. c3 O-O-O 11. Rb1 e5 12. b4 exd4 13. cxd4 Rde8 14. Nb3
Re7 15. Bd2 Rhe8 16. Rfc1 Nd5 17. e4 N5b6 18. d5 c5 19. bxc5 Nxc5 20. Nxc5 Bd4+
21. Be3 Bxc5 22. Bxc5 dxc5 23. e5 c4 24. d6 Qc5+ 25. Kh1 Rd7 26. a4 Kb8 27. a5
Qxa5 28. Bxc4 Nxc4 29. Rxc4 Rc8 30. Qe4 Qa6 31. Rxc8+ Kxc8 32. Rc1+ Kb8 33. f5
b6 34. e6 fxe6 35. fxe6 Rxd6 36. e7 1-0

[Event "XXXI Festival A"]
[Site "Arco ITA"]
[Date "2009.10.17"]
[Round "1"]
[White "Rizzoli, Aluna"]
[Black "Karl, Hans"]
[Result "1/2-1/2"]
[WhiteElo "1878"]
[BlackElo "2229"]
[PlyCount "111"]
[EventDate "2009.10.17"]

1. e4 e5 2. f4 Bc5 3. Nf3 d6 4. Nc3 Nc6 5. Bb5 Nf6 6. d3 Bd7 7. Na4 Nd4 8. Nxc5
Bxb5 9. Nxb7 Qe7 10. Na5 c5 11. fxe5 dxe5 12. b3 Nd7 13. Nc4 Bxc4 14. bxc4 O-O
15. O-O Rab8 16. Ba3 Rfe8 17. Qd2 Qd6 18. c3 Ne6 19. g3 Ndf8 20. Nh4 g6 21. Ng2
Red8 22. Rfd1 Qa6 23. Bc1 Nc7 24. Ne3 Qa4 25. Nd5 Nxd5 26. cxd5 Nd7 27. Rf1 Rf8
28. g4 f6 29. Qf2 Rf7 30. Qg2 Qa6 31. c4 Qa4 32. h3 g5 33. Qf2 h6 34. Kh1 Qa5
35. Qc2 Nf8 36. h4 Ng6 37. h5 Nf4 38. Bxf4 gxf4 39. Rab1 Rfb7 40. Rxb7 Rxb7 41.
Rb1 Rb4 42. Kg1 Qb6 43. Rb3 a5 44. Rxb4 Qxb4 45. Kf1 a4 46. d4 cxd4 47. c5 Qb5+
48. Kg1 d3 49. Qc1 d2 50. Qxd2 Qxc5+ 51. Kf1 Qc4+ 52. Qe2 Qd4 53. Qc2 Kf7 54.
Qc7+ Ke8 55. Qc8+ Ke7 56. Qc7+ 1/2-1/2

[Event "XXXI Festival A"]
[Site "Arco ITA"]
[Date "2009.10.17"]
[Round "1"]
[White "Rozentalis, Eduardas"]
[Black "Morselli, Stefano"]
[Result "1-0"]
[WhiteElo "2603"]
[BlackElo "1921"]
[PlyCount "57"]
[EventDate "2009.10.17"]

1. e4 g6 2. d4 Bg7 3. Nf3 d6 4. Be2 Nf6 5. Nc3 Nc6 6. O-O O-O 7. Bb5 Bd7 8. Re1
e6 9. h3 a6 10. Bxc6 Bxc6 11. Bf4 Nh5 12. Bg5 f6 13. Be3 f5 14. Bg5 Qc8 15. e5
Rf7 16. d5 Bd7 17. exd6 c6 18. dxe6 Bxe6 19. Ne5 Bxe5 20. Rxe5 f4 21. Qf3 Qd7
22. Rae1 Re8 23. Qe4 Ng7 24. Bh6 Rf6 25. Bxg7 Kxg7 26. Qd4 Kf7 27. Ne4 Rf5 28.
Nc5 Rxe5 29. Rxe5 1-0

[Event "XXXI Festival A"]
[Site "Arco ITA"]
[Date "2009.10.17"]
[Round "1"]
[White "Russo, Carmelo"]
[Black "Casagrande, Fabio"]
[Result "0-1"]
[WhiteElo "1733"]
[BlackElo "2011"]
[PlyCount "112"]
[EventDate "2009.10.17"]

1. d4 Nf6 2. c4 e6 3. Nf3 Bb4+ 4. Bd2 Qe7 5. a3 Bxd2+ 6. Nbxd2 d6 7. e3 a5 8.
Bd3 O-O 9. Qc2 e5 10. O-O Re8 11. dxe5 dxe5 12. Ne4 Nbd7 13. Nfg5 h6 14. Nxf6+
Nxf6 15. Ne4 Nxe4 16. Bxe4 c6 17. Rac1 Qg5 18. c5 Be6 19. f4 exf4 20. exf4 Qf6
21. Qc3 Qxc3 22. Rxc3 Rad8 23. f5 Bd5 24. Bxd5 Rxd5 25. b4 axb4 26. axb4 f6 27.
Rc4 Ree5 28. g4 Rd2 29. Rf2 Re1+ 30. Kg2 Rdd1 31. Kh3 Re3+ 32. Kg2 Rb1 33. Rf3
Rb2+ 34. Rf2 Rb1 35. Rf3 Ree1 36. Rf2 Kh7 37. Rcf4 h5 38. gxh5 Kh6 39. Kh3 Rg1
40. Rg2 Rxg2 41. Kxg2 Kxh5 42. h4 Rb3 43. Kh2 g5 44. hxg5 Kxg5 45. Rc4 Kxf5 46.
Kg2 Ke5 47. Rh4 f5 48. Kf2 f4 49. Rh7 Rxb4 50. Rh5+ Ke4 51. Rh7 Rb2+ 52. Ke1 f3
53. Rf7 Ke3 54. Re7+ Kd4 55. Rf7 f2+ 56. Kf1 Kxc5 0-1

[Event "XXXI Festival A"]
[Site "Arco ITA"]
[Date "2009.10.17"]
[Round "1"]
[White "Schrott, Ernst"]
[Black "Pieri, Enzo"]
[Result "1-0"]
[WhiteElo "2059"]
[BlackElo "1812"]
[PlyCount "71"]
[EventDate "2009.10.17"]

1. e4 c6 2. d4 d5 3. e5 Bf5 4. Nf3 e6 5. Be2 Nd7 6. O-O h6 7. c4 dxc4 8. Bxc4
Nb6 9. Bd3 Bxd3 10. Qxd3 Ne7 11. Nc3 Ned5 12. Ne4 Be7 13. Be3 O-O 14. Nfd2 Nxe3
15. fxe3 Qd5 16. Nb3 Nc4 17. Rf2 Nxe5 18. Qc2 Ng4 19. Re2 f5 20. Nf2 Nxf2 21.
Rxf2 Rf6 22. Rd1 Rd8 23. Rdd2 b6 24. Nc1 Rg6 25. Nd3 Qe4 26. Ne5 Qxc2 27. Rxc2
Rf6 28. Nxc6 Rd7 29. Ne5 Rb7 30. Rc8+ Kh7 31. Rfc2 Bd6 32. R2c6 Bb4 33. Kf2 f4
34. e4 b5 35. Re8 Rb6 36. Rcc8 1-0

[Event "XXXI Festival A"]
[Site "Arco ITA"]
[Date "2009.10.17"]
[Round "1"]
[White "Stolfa, Rodolfo"]
[Black "Dittmar, Peter"]
[Result "0-1"]
[WhiteElo "1886"]
[BlackElo "2359"]
[PlyCount "42"]
[EventDate "2009.10.17"]

1. d4 Nf6 2. c4 e6 3. Nf3 Bb4+ 4. Nbd2 Nc6 5. e3 O-O 6. Bd3 d6 7. O-O e5 8. d5
Ne7 9. e4 a5 10. a4 Ng6 11. g3 Bh3 12. Re1 Ng4 13. Bf1 Bc5 14. Re2 Bxf1 15.
Nxf1 f5 16. Ng5 Qf6 17. Qc2 f4 18. Nh3 Rf7 19. Kh1 fxg3 20. Nxg3 Qf3+ 21. Kg1
Nh4 0-1

[Event "XXXI Festival A"]
[Site "Arco ITA"]
[Date "2009.10.17"]
[Round "1"]
[White "Traversi, Carlo"]
[Black "Virzi, Ettore"]
[Result "0-1"]
[WhiteElo "1725"]
[BlackElo "1986"]
[PlyCount "46"]
[EventDate "2009.10.17"]

1. e4 e5 2. Nf3 Nc6 3. d4 exd4 4. Nxd4 Nf6 5. Nxc6 bxc6 6. Bd3 d5 7. e5 Ng4 8.
O-O Bc5 9. Bf4 Be6 10. Bg3 h5 11. h4 Be7 12. Qf3 Bxh4 13. Bf5 Bxf5 14. Qxf5 Qg5
15. Qxg5 Bxg5 16. f4 Be7 17. Nc3 Ne3 18. Rfc1 g5 19. Bf2 gxf4 20. Bxe3 fxe3 21.
Rf1 Rg8 22. Ne2 Kd7 23. c3 Rg5 0-1

[Event "XXXI Festival A"]
[Site "Arco ITA"]
[Date "2009.10.17"]
[Round "1"]
[White "Vezzosi, Paolo"]
[Black "Modena, Giorgio"]
[Result "1-0"]
[WhiteElo "2381"]
[BlackElo "1892"]
[PlyCount "69"]
[EventDate "2009.10.17"]

1. d4 d5 2. Nf3 Nf6 3. c4 c6 4. Nc3 Bf5 5. Qb3 b6 6. Bf4 e6 7. e3 Be7 8. Be2
O-O 9. Rc1 Nbd7 10. cxd5 Nxd5 11. Nxd5 cxd5 12. Ba6 Bf6 13. Bb7 Rb8 14. Bxb8
Nxb8 15. Qa4 a5 16. O-O Qe7 17. Bc6 Be4 18. Bb5 Bxf3 19. gxf3 h5 20. Qa3 Qd8
21. f4 g5 22. fxg5 Bxg5 23. f4 Bh6 24. Kh1 Kh8 25. Rg1 e5 26. dxe5 d4 27. Bf1
dxe3 28. Qxe3 Qh4 29. Rc4 Nd7 30. Rg3 Qe7 31. Rc7 Qe6 32. Qd4 Nc5 33. Bh3 Qxa2
34. e6+ f6 35. Bf5 1-0

[Event "XXXI Festival A"]
[Site "Arco ITA"]
[Date "2009.10.17"]
[Round "1"]
[White "Vuelban, Virgilio"]
[Black "Antoniacci, Riccardo"]
[Result "1-0"]
[WhiteElo "2405"]
[BlackElo "1895"]
[PlyCount "97"]
[EventDate "2009.10.17"]

1. e4 c5 2. Nf3 Nc6 3. d4 cxd4 4. Nxd4 g6 5. c4 Bg7 6. Be3 Nf6 7. Nc3 Ng4 8.
Qxg4 Nxd4 9. Qd1 Ne6 10. Qd2 Qa5 11. Rc1 b6 12. Bd3 Ba6 13. O-O Rc8 14. b3 g5
15. Rfd1 d6 16. Qe1 Qe5 17. Bb1 Bb7 18. Nd5 h5 19. Qb4 Bc6 20. a4 g4 21. a5
bxa5 22. Qxa5 Qb2 23. Qxa7 Bxd5 24. exd5 Nc5 25. Bf5 Rd8 26. Bxc5 dxc5 27. Qa4+
Kf8 28. Qa5 Rb8 29. Qxc5 Qe5 30. Bc2 Bh6 31. Rb1 Bg5 32. Qd4 Qxd4 33. Rxd4 Rb4
34. d6 Kg7 35. Rd5 Bf6 36. dxe7 Bxe7 37. Re1 Bf6 38. g3 Ra8 39. Rxh5 Ra2 40.
Bd1 Ra1 41. Rf1 Rb8 42. Rd5 Bc3 43. Rd3 Bb4 44. Bxg4 Ra2 45. Kg2 Bc5 46. Rd5
Ba7 47. Bd1 Kg6 48. h4 f5 49. Rd6+ 1-0

[Event "XXXI Festival A"]
[Site "Arco ITA"]
[Date "2009.10.18"]
[Round "2"]
[White "Antoniacci, Riccardo"]
[Black "Galas, Franco"]
[Result "1-0"]
[WhiteElo "1895"]
[BlackElo "1792"]
[PlyCount "91"]
[EventDate "2009.10.17"]

1. e4 d6 2. d4 e6 3. Nc3 g6 4. h4 h5 5. Bg5 Be7 6. Qd2 Bxg5 7. hxg5 Bd7 8. Nf3
a6 9. e5 d5 10. Bd3 Nc6 11. g4 Qe7 12. O-O-O O-O-O 13. Ne2 Nb4 14. Nf4 Nxd3+
15. Qxd3 Bb5 16. Qd2 Qe8 17. gxh5 Ne7 18. hxg6 Nxg6 19. Nh5 Qf8 20. Nf6 c5 21.
c3 c4 22. Rh6 a5 23. Rdh1 a4 24. a3 Qg7 25. Rh7 Rxh7 26. Rxh7 Qf8 27. Nh2 Qe7
28. Nhg4 Rh8 29. Rxh8+ Nxh8 30. Qf4 Ng6 31. Qh2 Be8 32. f4 b5 33. Qf2 Kd8 34.
Ne3 Bc6 35. f5 exf5 36. Qxf5 Qe6 37. Qf2 Ne7 38. Qf3 Ng6 39. Nf5 Ne7 40. Ng7
Qc8 41. Qh5 Ng6 42. e6 Nf4 43. Qh8+ Kc7 44. Qxc8+ Kxc8 45. exf7 Ng6 46. Ne6 1-0

[Event "XXXI Festival A"]
[Site "Arco ITA"]
[Date "2009.10.18"]
[Round "2"]
[White "Astengo, Marcello"]
[Black "Burani, Eugenio"]
[Result "1-0"]
[WhiteElo "2134"]
[BlackElo "1948"]
[PlyCount "89"]
[EventDate "2009.10.17"]

1. d4 Nf6 2. c4 c5 3. d5 e6 4. Nc3 exd5 5. cxd5 d6 6. e4 g6 7. f3 Bg7 8. Bg5 a6
9. a4 Nbd7 10. Nh3 Qb6 11. Qd2 Ne5 12. Nf2 h6 13. Be3 Qc7 14. Be2 h5 15. O-O
O-O 16. h3 Ne8 17. f4 Nd7 18. g4 Qd8 19. g5 f6 20. h4 Rf7 21. Qc2 Nf8 22. f5
fxg5 23. fxg6 Rf4 24. Qd2 Rxh4 25. Bxg5 Bf6 26. Bxh4 Bxh4 27. Bxh5 Ng7 28. Qh6
Bg5 29. Ng4 Bxh6 30. Nxh6+ Kh8 31. Nf7+ Kg8 32. Nh6+ Kh8 33. Nf7+ Kg8 34. Nxd8
Bh3 35. Rf3 Bd7 36. Nxb7 Nxh5 37. Rf7 Be8 38. Nxd6 Bxf7 39. gxf7+ Kg7 40. e5
Rd8 41. Rf1 Ng6 42. Ne8+ Kf8 43. e6 Nhf4 44. Nf6 Ke7 45. Ng8+ 1-0

[Event "XXXI Festival A"]
[Site "Arco ITA"]
[Date "2009.10.18"]
[Round "2"]
[White "Barlotti, Gabriele"]
[Black "Bonade', Massimo"]
[Result "0-1"]
[WhiteElo "1664"]
[BlackElo "2097"]
[PlyCount "46"]
[EventDate "2009.10.17"]

1. d4 Nf6 2. c4 e6 3. Nc3 Bb4 4. a3 Bxc3+ 5. bxc3 c5 6. e3 b6 7. d5 Bb7 8. dxe6
fxe6 9. f3 O-O 10. Bd3 Nc6 11. e4 Ne5 12. Bg5 h6 13. Bh4 Ng6 14. Bg3 Nh5 15.
Ne2 Nxg3 16. hxg3 Ne5 17. Qd2 Rxf3 18. Bb1 Rf8 19. Qc2 Qg5 20. Rh3 Qe3 21. g4
Qf2+ 22. Kd2 Nxc4+ 23. Kd3 Ba6 0-1

[Event "XXXI Festival A"]
[Site "Arco ITA"]
[Date "2009.10.18"]
[Round "2"]
[White "Battiston, Claudio"]
[Black "Grant, Jonathan I.M."]
[Result "0-1"]
[WhiteElo "1983"]
[BlackElo "2249"]
[PlyCount "68"]
[EventDate "2009.10.17"]

1. b4 e5 2. Bb2 Bxb4 3. Bxe5 Nf6 4. Nf3 Nc6 5. Bb2 d5 6. e3 O-O 7. c4 Re8 8.
Be2 Bg4 9. cxd5 Nxd5 10. O-O Qe7 11. Nd4 Bd7 12. Bf3 Nxd4 13. Bxd5 Nc6 14. Nc3
Rad8 15. d4 Na5 16. Rc1 c6 17. Bf3 Nc4 18. Ba1 Bf5 19. e4 Bg6 20. Nb1 Nd6 21.
a3 Ba5 22. Qa4 Bb6 23. Nd2 Qg5 24. Nb3 Nxe4 25. Nc5 Nd2 26. Qd1 Re7 27. h4 Qh6
28. Re1 Rxe1+ 29. Qxe1 Nxf3+ 30. gxf3 Qxh4 31. Nxb7 Bc7 32. Qe3 Bf4 33. Qc3
Qh2+ 34. Kf1 Re8 0-1

[Event "XXXI Festival A"]
[Site "Arco ITA"]
[Date "2009.10.18"]
[Round "2"]
[White "Buglisi, Massimo"]
[Black "Bernardi, Ruben"]
[Result "0-1"]
[WhiteElo "1931"]
[BlackElo "2162"]
[PlyCount "94"]
[EventDate "2009.10.17"]

1. d4 Nf6 2. c4 c5 3. d5 b5 4. cxb5 a6 5. b6 Qxb6 6. Nc3 d6 7. Nf3 g6 8. Nd2
Bg7 9. Nc4 Qc7 10. e4 Nbd7 11. a4 Nb6 12. a5 Nxc4 13. Bxc4 O-O 14. O-O Rb8 15.
Qe2 Rb4 16. Bxa6 Bxa6 17. Qxa6 Nxe4 18. Qd3 Nxc3 19. bxc3 c4 20. Qe3 Rb3 21.
Bd2 Ra8 22. a6 Rb6 23. a7 Rxa7 24. Rxa7 Qxa7 25. Qe4 Qc7 26. Ra1 Rb8 27. Be3
Be5 28. Bd4 f5 29. Qe3 Qb7 30. Bxe5 Qb1+ 31. Qe1 Qxe1+ 32. Rxe1 dxe5 33. f3 Kf7
34. Rxe5 Rb1+ 35. Kf2 Rc1 36. Re3 Rd1 37. Re6 Rd3 38. Rc6 Rxc3 39. Rc7 Ke8 40.
g4 f4 41. h4 Rc2+ 42. Kg1 Kd8 43. Rc6 Kd7 44. h5 gxh5 45. gxh5 c3 46. Kh1 e6
47. Rxe6 Rd2 0-1

[Event "XXXI Festival A"]
[Site "Arco ITA"]
[Date "2009.10.18"]
[Round "2"]
[White "Caldara, Sisto"]
[Black "Bonanzinga, Corrado"]
[Result "0-1"]
[WhiteElo "1823"]
[BlackElo "2136"]
[PlyCount "68"]
[EventDate "2009.10.17"]

1. f4 d5 2. Nf3 Nf6 3. g3 g6 4. Bg2 Bg7 5. d3 O-O 6. O-O c5 7. a4 Nc6 8. Qe1 d4
9. Na3 Nd5 10. Nc4 Ncb4 11. Na3 Bd7 12. a5 Qxa5 13. Bd2 Qc7 14. Rc1 Nc6 15. c3
dxc3 16. bxc3 Nf6 17. e4 e5 18. Nb5 Qb8 19. fxe5 Nxe5 20. Nxe5 Bxb5 21. Bf4 Qd8
22. c4 Nd7 23. Nxg6 fxg6 24. cxb5 Ne5 25. Bxe5 Bxe5 26. Kh1 Rxf1+ 27. Qxf1 Qd4
28. Bh3 Rf8 29. Be6+ Kg7 30. Qd1 Qe3 31. Bc4 Rf2 32. Qe1 Qf3+ 33. Kg1 Rg2+ 34.
Kh1 Rxg3# 0-1

[Event "XXXI Festival A"]
[Site "Arco ITA"]
[Date "2009.10.18"]
[Round "2"]
[White "Cardili, Mariano"]
[Black "Di Lazzaro, Gabriele"]
[Result "1-0"]
[WhiteElo "2106"]
[BlackElo "1930"]
[PlyCount "109"]
[EventDate "2009.10.17"]

1. d4 d5 2. c4 e6 3. Nc3 c6 4. e3 dxc4 5. Bxc4 b5 6. Bd3 Bb7 7. Nf3 Nf6 8. O-O
Nbd7 9. e4 b4 10. Na4 Be7 11. Qe2 Qa5 12. b3 e5 13. dxe5 Nxe5 14. Nxe5 Qxe5 15.
Bb2 Qh5 16. f3 O-O 17. Rac1 Rfe8 18. Rc2 Bd6 19. g3 Nd7 20. Ba6 Bxa6 21. Qxa6
Be5 22. Qxc6 Bxb2 23. Qxd7 Red8 24. Qb7 Bd4+ 25. Kg2 Rab8 26. Qa6 Qg5 27. Qe2
h5 28. Nb2 Bc3 29. Nc4 Rd7 30. Rd1 Rxd1 31. Qxd1 Rd8 32. Qe2 Rd7 33. Ne3 Rd4
34. Nd5 Rd2 35. Rxd2 Qxd2 36. Qxd2 Bxd2 37. Kf2 a5 38. Ne7+ Kf8 39. Nc6 Bc3 40.
Nxa5 Ke8 41. Ke2 Kd7 42. Kd3 Ke6 43. a4 g5 44. h3 g4 45. hxg4 hxg4 46. fxg4 Be1
47. Kc4 Ke5 48. Nc6+ Kxe4 49. a5 Bxg3 50. a6 Bf2 51. a7 Bxa7 52. Nxa7 Kf4 53.
Nc6 f6 54. Kxb4 Kxg4 55. Kc4 1-0